| 000 | 02208nam a22003257a 4500 | ||
|---|---|---|---|
| 999 |
_c6605 _d6605 |
||
| 003 | OSt | ||
| 005 | 20260416095531.0 | ||
| 008 | 240305b ||||| |||| 00| 0 spa d | ||
| 020 | _a9789873017636 | ||
| 040 | _cPJ-TDF | ||
| 245 | 1 | 0 |
_aRevista de Derecho de Daños : _bproblemática actual de la responsabilidad civil - I / _cJorge Mosset Iturraspe ; Ricardo Luis Lorenzetti directores. |
| 260 |
_aBuenos Aires : _bRubinzal - Culzoni, _c2014. |
||
| 300 |
_a632 p. _c22 cm. |
||
| 310 | _acuatrimestral | ||
| 362 | _aNo. 1 (2014) | ||
| 505 |
_tLa función resarcitoria la responsabilidad objetiva en el proyecto de código civil y comercial de 2012 / _rJorge Mosset Itu raspe. |
||
| 505 |
_tLa responsabilidad directa, los daños involuntarios y la pluralidad de responsables en el código de 1871 y en el proyecto de código civil y comercial de 2012 / _rFélix A. Trigo Represas. |
||
| 505 |
_tFunciones de la responsabilidad civil. función preventiva y sanción pecuniaria disuasiva en el código de 1871 y en el proyecto de código civil y comercial de la nación (2012) / _rJuan Manuel Prévôt. |
||
| 505 |
_tResponsabilidad por acusación calumniosa, culpa “grave” y situación del denunciante y querellante en el código de 1871 y en el proyecto de código civil y comercial de 2012 / _rJuan Carlos Venini. |
||
| 505 |
_tResponsabilidad del estado y funcionarios públicos en el código civil y en el proyecto / _rViviana Inés Gasparotti. |
||
| 505 |
_tResponsabilidad de los padres por el daño causado a terceros por sus hijos. en el código civil vigente y en el proyecto de código civil y comercial de 2012 / _rFrancisco A. M. Ferrer. |
||
| 505 |
_tResponsabilidad civil de los establecimientos educativos en el derecho vigente y en el proyecto de código civil y comercial de 2012 / _rJosé Fernando Márquez. |
||
| 505 |
_tVida privada: su protección en el código civil y en el proyecto 2012 / _rNorma Juanes y Valeria Carrasco. |
||
| 505 |
_tAntijuridicidad / _rAntonio Juan Rinessi y Rosa Nélida Rey. |
||
| 650 | 0 |
_93331 _aDAÑO |
|
| 700 |
_9528 _aMosset Iturraspe, Jorge _edirector |
||
| 700 |
_aLorenzetti, Ricardo Luis _edirector _9529 |
||
| 942 |
_2udc _cPP |
||